Normal view
MARC view
- Dr Kafait Ullah
Entry Personal Name
001 - CONTROL NUMBER
- control field: 116991
003 - CONTROL NUMBER IDENTIFIER
- control field: NUST
005 - DATE AND TIME OF LATEST TRANSACTION
- control field: 20230913164117.0
008 - FIXED-LENGTH DATA ELEMENTS
- fixed length control field: 230913|| aca||aabn | a|a d
040 ## - CATALOGING SOURCE
- Original cataloging agency: NUST
- Transcribing agency: NUST
100 ## - HEADING--PERSONAL NAME
- Personal name: Dr Kafait Ullah
670 ## - SOURCE DATA FOUND
- Source citation: Work cat.: (NUST): 20230913s9999\\\\xx\\\\\\\\\\\\000\0\und\d 116989, Effects of upstream kishanganga hydropower project on hydrological plows and power generation capacity at Athmuqam and Neelum Jhelum HPP in Pakistan /, 2017
